Machine Design / (Record no. 32820)
[ view plain ]
| 000 -LEADER | |
|---|---|
| fixed length control field | 00773cam a22002771 4500 |
| 001 - CONTROL NUMBER | |
| control field | 9842125 |
| 003 - CONTROL NUMBER IDENTIFIER | |
| control field | OSt |
| 005 - DATE AND TIME OF LATEST TRANSACTION | |
| control field | 20211105160903.0 |
| 008 - FIXED-LENGTH DATA ELEMENTS--GENERAL INFORMATION | |
| fixed length control field | 950414s1962 xx a 000 0 eng |
| 010 ## - LIBRARY OF CONGRESS CONTROL NUMBER | |
| LC control number | sa 62000803 |
| 020 ## - INTERNATIONAL STANDARD BOOK NUMBER | |
| International Standard Book Number | 9788185594927 |
| 035 ## - SYSTEM CONTROL NUMBER | |
| System control number | (OCoLC)32303937 |
| 038 ## - RECORD CONTENT LICENSOR | |
| Staff Name | Khadija |
| 040 ## - CATALOGING SOURCE | |
| Original cataloging agency | DLC |
| Transcribing agency | NcD |
| Modifying agency | DLC |
| 050 00 - LIBRARY OF CONGRESS CALL NUMBER | |
| Classification number | TJ230 |
| Item number | .P23 |
| 082 ## - DEWEY DECIMAL CLASSIFICATION NUMBER | |
| Classification number | 621.815 |
| Author Mark | PAN |
| 100 1# - MAIN ENTRY--PERSONAL NAME | |
| Personal name | Pandya, Navinchandra Chimanial. |
| 9 (RLIN) | 83689 |
| 245 10 - TITLE STATEMENT | |
| Title | Machine Design / |
| Statement of responsibility, etc. | by N.C. Pandya and C. S. Shah. |
| 260 ## - PUBLICATION, DISTRIBUTION, ETC. | |
| Place of publication, distribution, etc. | Tulsi Sadan, Anand, |
| Name of publisher, distributor, etc. | Charotar Book Stall, |
| Date of publication, distribution, etc. | 2009. |
| 300 ## - PHYSICAL DESCRIPTION | |
| Extent | 686 p. |
| Other physical details | illus. |
| Dimensions | 22 cm. |
| 563 ## - BINDING INFORMATION | |
| Binding note | PB |
| 650 #0 - SUBJECT ADDED ENTRY--TOPICAL TERM | |
| Topical term or geographic name entry element | Machine design. |
| 9 (RLIN) | 18984 |
| 700 1# - ADDED ENTRY--PERSONAL NAME | |
| Personal name | Shah, C. S. |
| 9 (RLIN) | 83690 |
| 906 ## - LOCAL DATA ELEMENT F, LDF (RLIN) | |
| a | 7 |
| b | cbc |
| c | oclcrpl |
| d | u |
| e | ncip |
| f | 19 |
| g | y-gencatlg |
| 942 ## - ADDED ENTRY ELEMENTS (KOHA) | |
| Source of classification or shelving scheme | |
| Koha item type | Book |
| Withdrawn status | Lost status | Source of classification or shelving scheme | Damaged status | Not for loan | Permanent Location | Current Location | Shelving location | Date acquired | Total Checkouts | Full call number | Barcode | Date last seen | Date last checked out | Price effective from | Koha item type |
|---|---|---|---|---|---|---|---|---|---|---|---|---|---|---|---|
| School of Mechanical & Manufacturing Engineering (SMME) | School of Mechanical & Manufacturing Engineering (SMME) | General Stacks | 11/25/2015 | 1 | 621.815 PAN | SMME-1669 | 09/26/2022 | 06/10/2022 | 11/25/2015 | Book |
